Aumento en la producción de técnicos : entre las licenciaturas y los niveles tecnológicos (Record no. 63020)

MARC details
000 -CABECERA
campo de control de longitud fija 00572nam a2200181 a 4500
005 - FECHA Y HORA DE LA ÚLTIMA TRANSACCIÓN
campo de control 20210219152903.0
008 - ELEMENTOS DE LONGITUD FIJA--INFORMACIÓN GENERAL
campo de control de longitud fija 991125n 000 0 spa u
035 ## - NÚMERO DE CONTROL DEL SISTEMA
Número de control de sistema UPN01000065395
222 ## - TÍTULO CLAVE
Título clave COMUNICACION EDUCATIVA
245 ## - MENCIÓN DE TÍTULO
Título Aumento en la producción de técnicos : entre las licenciaturas y los niveles tecnológicos
300 ## - DESCRIPCIÓN FÍSICA
Extensión 3
362 ## - FECHAS DE PUBLICACIÓN Y/O DESIGNACIÓN SECUENCIAL
Fecha de publicación y/o designación secuencial 1981 Año 2, no. 5, mar.
653 0# - TERMINO DE INDIZACION - NO CONTROLADO
Término no controlado COLEGIO NACIONAL DE EDUCACION PROFESIONAL TECNICA (MEXICO)
653 0# - TERMINO DE INDIZACION - NO CONTROLADO
Término no controlado EDUCACION SUPERIOR
653 0# - TERMINO DE INDIZACION - NO CONTROLADO
Término no controlado EDUCACION TÉCNICA
904 ## - ELEMENTOS DE DATOS D LOCAL, LDD (RLIN)
a AC
b 003206
905 ## - TIPO DE MATERIAL
Tipo de material Articulo

No items available.